| 000 | 00453nam a2200169Ia 4500 | ||
|---|---|---|---|
| 008 | 230917s9999||||xx |||||||||||||| ||und|| | ||
| 020 | _cRS395 | ||
| 040 |
_e229227 _aMAIN |
||
| 041 | _aEnglish | ||
| 082 | _a595.7 S82P | ||
| 100 | _aSathe, T V | ||
| 245 | 0 | _aPracticals in basic entomology | |
| 260 |
_aNew Delhi _bDaya Publishing House _c2015 |
||
| 300 | _aviii, 84 p. | ||
| 500 | _a2170 09/11/2015 RBP15/48714 19/11/2015 Main Budget | ||
| 942 | _cBK | ||
| 999 |
_c16576 _d16576 |
||